Educar : panacea del México independiente.

Kaydedildi:
Detaylı Bibliyografya
Yazar: Staples, Anne (autor)
Materyal Türü: Kitap
Dil:İspanyolca
Seri Bilgileri:(Biblioteca pedagógica ; no. 26)
Konular:
Etiketler: Etiketle
Etiket eklenmemiş, İlk siz ekleyin!

MARC

LEADER 00000cam^a2200000uu^4500
001 000479942
005 20250521000000.0
008 050901s1985^^^^^^^^^^^^rd^r^^000^0^spa^d
009 20260310124950.835
022 |a 9686011870 
035 |a FCE 000022949 
035 |a FCE 004128 
037 |a Acervo ITESO - Biblioteca 
041 |a spa 
082 0 4 |a 082.1  |b SECa 26 
100 |a Staples, Anne  |e (autor) 
245 1 0 |a Educar :  |b panacea del México independiente. 
264 |a México :  |b SEP,  |c 1985. 
300 |a 159 p. 
336 |a texto  |b txt  |2 rdacontenido 
337 |a sin mediación  |b n  |2 rdamedio 
338 |a volumen  |b nc  |2 rdasoporte 
440 0 |a (Biblioteca pedagógica ;  |v no. 26) 
649 |a XX 
650 |a Educación popular 
650 |a Antología 
650 |a Capacitación 
910 |a Fondo Centro de Estudios Educativos 
920 |a Impresos - Libros 
930 |a Fondos Especiales 
905 |a 133 
901 |a ALE004128  |b IT2  |c CEE  |u 20250521 
901 |a ALE045402  |b IT2  |c CEE  |u 20250521 
901 |a ALE045403  |b IT2  |c CEE  |u 20250521 
902 |a https://opac.biblio.iteso.mx/vufind/Record/000479942